000 00649nam a22001457a 4500
020 _a9501523462
080 _a929 (82) f 842
245 _aAramburu:
_bla Biografia
260 _aBuenos Aires:
_bJavier Vergara,
_c2005
300 _a416 P:
_c25 X 16 Cm.
650 _xhistoria Politica argentina
_xderecho politico
_xPeron Juan Domingo
_xantiperonismo
_xperonismo
_x1955
_xrevolucion libertadora
_xRojas
_xLonardi
_xEva Peron
_xcadaver
_xoperaciones masacre
_xFrondizi
_xGuevara Che
_xUdelpa
_x1970
_xAramburu Pedro Eugenio
_xbiografia
_xsecuestro
_xcrimen
_xsocialismo nacional
700 _aFraga, Rosendo
_ePandolfi, Rodolfo
945 _acd
_d2025-03-21
999 _c5481
_d235985
942 _6_